Top 50 biggest cities in France - Statistics

General Stats
  • This quiz has been taken 173 times
    140 since last reset
  • The average score is 30 of 50
Answer Stats
Population City % Correct
808,000 Marseille
100%
2,152,000 Paris
100%
422,000 Lyon
99%
213,000 Bordeaux
97%
346,000 Nice
97%
366,000 Toulouse
95%
256,000 Strasbourg
92%
178,000 Lille
91%
252,000 Nantes
89%
211,000 Montpellier
84%
197,000 Le Havre
78%
153,000 Brest
76%
152,000 Dijon
76%
154,000 Grenoble
75%
204,000 Rennes
75%
124,000 Metz
74%
185,000 Reims
74%
105,000 Rouen
71%
116,000 Caen
70%
102,000 Nancy
68%
170,000 Toulon
68%
89,000 Avignon
67%
202,000 Saint-Etienne
67%
133,000 Tours
66%
136,000 Amiens
65%
140,000 Clermont-Ferrand
65%
108,000 Orléans
64%
146,000 Angers
62%
76,000 Calais
61%
134,000 Nîmes
59%
136,000 Limoges
58%
148,000 Le Mans
57%
74,000 La Rochelle
51%
51,000 Annecy
49%
110,000 Mulhouse
49%
108,000 Perpignan
49%
83,000 Poitiers
46%
61,000 Troyes
44%
84,000 Pau
43%
119,000 Besançon
40%
71,000 Colmar
39%
63,000 Lorient
39%
71,000 Dunkerque
35%
65,000 Valence
30%
98,000 Roubaix
24%
42,000 Bayonne
21%
56,000 Chambéry
17%
44,000 Douai
12%
66,000 Saint-Nazaire
11%
46,000 Angoulême
9%
No matching quizzes found
Score Distribution
Percent of People with Each Score
Percentile by Number Answered
Your Score History
You have not taken this quiz since the last reset